[Event "IECG TG-2007-0-15751"]
[Site "IECG email"]
[Date "2007.05.13"]
[Round "1"]
[White "Graham, Michael"]
[Black "Craighead, Dennis"]
[Result "0-1"]
[WhiteElo "800"]
[BlackElo "658"]
[PlyCount "22"]
[EventDate "2007.05.13"]
[EventType "tourn (corr)"]
[EventRounds "6"]
[SourceTitle "Corr 2024"]
[Source "ChessBase"]
[SourceDate "2023.10.19"]
[SourceVersion "1"]
[SourceVersionDate "2023.10.19"]
[SourceQuality "1"]

1. e4 e5 2. Nc3 Nf6 3. Nf3 Bb4 4. Nxe5 Qe7 5. d4 d6 6. Nc4 Bxc3+ 7. bxc3 Nxe4 8. f3 Nxc3+ 9. Be2 Nxd1 10. g4 Nc3 11. h4 Qxe2# 0-1